[Event "Montevideo Duchamp Cup 6th"]
[Site "Montevideo"]
[Date "2023.02.09"]
[Round "7"]
[White "Martello, Benjamin"]
[Black "Bonjorn, Pablo"]
[Result "1/2-1/2"]
[WhiteElo "1685"]
[BlackElo "1911"]
[PlyCount "82"]
[EventDate "2023.02.03"]
[EventType "swiss"]
[EventRounds "9"]
[EventCountry "URU"]
[SourceTitle "CBM 212 Extra"]
[Source "ChessBase"]
[SourceDate "2023.03.31"]
[SourceVersion "1"]
[SourceVersionDate "2023.03.31"]
[SourceQuality "1"]

1. d4 d5 2. Nf3 Nf6 3. c4 e6 4. Bg5 Nbd7 5. Nc3 h6 6. Bxf6 Nxf6 7. e3 Be7 8. Be2 0-0 9. 0-0 a6 10. Ne5 dxc4 11. Bf3 c5 12. Nxc4 Nd5 13. Nxd5 exd5 14. Ne5 Bf6 15. Rc1 c4 16. b3 Qa5 17. bxc4 Bxe5 18. dxe5 dxc4 19. Qc2 Rb8 20. Qxc4 Be6 21. Qc7 Qxc7 22. Rxc7 b5 23. a3 Rfd8 24. Ra7 Rb6 25. Be4 g6 26. Rb1 Ba2 27. Rc1 Kg7 28. h4 h5 29. Rc6 Rxc6 30. Bxc6 Bc4 31. e6 Bxe6 32. Rxa6 Bc4 33. Ra7 Rd3 34. Rb7 Rb3 35. Kh2 Kf6 36. Be8 Kf5 37. Bxf7 Rxa3 38. e4+ Kf6 39. Bxc4 bxc4 40. Rc7 Rc3 41. f4 Ke6 1/2-1/2

[Event "Montevideo Duchamp Cup 6th"]
[Site "Montevideo"]
[Date "2023.02.08"]
[Round "6"]
[White "Bonjorn, Pablo"]
[Black "Steiner, Matias"]
[Result "0-1"]
[WhiteElo "1911"]
[BlackElo "1655"]
[PlyCount "120"]
[EventDate "2023.02.03"]
[EventType "swiss"]
[EventRounds "9"]
[EventCountry "URU"]
[SourceTitle "CBM 212 Extra"]
[Source "ChessBase"]
[SourceDate "2023.03.31"]
[SourceVersion "1"]
[SourceVersionDate "2023.03.31"]
[SourceQuality "1"]

1. c4 Nf6 2. Nf3 g6 3. g3 Bg7 4. Bg2 0-0 5. d4 d6 6. 0-0 c5 7. Nc3 Nbd7 8. b3 a6 9. Rb1 Rb8 10. d5 b5 11. Qc2 Nb6 12. Nd2 b4 13. Nce4 Nxe4 14. Nxe4 a5 15. Bb2 Bxb2 16. Qxb2 a4 17. h4 h5 18. f4 Bf5 19. Rbe1 Qd7 20. Nf2 Ra8 21. e4 Bg4 22. e5 Bf5 23. e6 Qa7 24. exf7+ Rxf7 25. Qe2 Qd7 26. Kh2 axb3 27. axb3 Ra3 28. Qf3 Nxc4 29. Re2 Na5 30. Re3 c4 31. bxc4 Rxe3 32. Qxe3 Nxc4 33. Qd4 Qb5 34. Ra1 Qc5 35. Ra8+ Rf8 36. Rxf8+ Kxf8 37. Qh8+ Kf7 38. Nh3 Bxh3 39. Kxh3 Nd2 40. f5 Qc3 41. Qh7+ Qg7 42. fxg6+ Kf6 43. Qxh5 Qxg6 44. Qe2 Qf5+ 45. g4 Qf4 46. Qe6+ Kg7 47. Qxe7+ Kg8 48. Qe8+ Kg7 49. h5 Nf1 50. Qg6+ Kf8 51. Qf5+ Qxf5 52. gxf5 Nd2 53. h6 b3 54. f6 Kg8 55. Kg3 b2 56. Bh3 b1Q 57. Be6+ Kf8 58. Kf4 Qe4+ 59. Kg5 Nf3+ 60. Kh5 Qh4+ 0-1

[Event "Pergamino op"]
[Site "Pergamino"]
[Date "2022.12.10"]
[Round "3"]
[White "Sarla, Andres"]
[Black "Bonjorn, Pablo"]
[Result "0-1"]
[WhiteElo "1339"]
[BlackElo "1875"]
[PlyCount "66"]
[EventDate "2022.12.09"]
[EventType "swiss"]
[EventRounds "6"]
[EventCountry "ARG"]
[SourceTitle "EXT 2024"]
[Source "ChessBase"]
[SourceDate "2023.10.10"]
[SourceVersion "1"]
[SourceVersionDate "2023.10.10"]
[SourceQuality "1"]

1. Nf3 Nf6 2. b3 d5 3. Bb2 c5 4. d4 cxd4 5. Bxd4 Nc6 6. Bb2 Bg4 7. e3 e5 8. Be2 Bb4+ 9. Nbd2 Ne4 10. 0-0 Nc3 11. Bxc3 Bxc3 12. Rb1 Qa5 13. h3 Bh5 14. g4 Bg6 15. Nh4 Bxd2 16. Nxg6 hxg6 17. Kg2 e4 18. c4 d4 19. exd4 Nxd4 20. a4 0-0-0 21. Rh1 Ne6 22. Qc2 Nf4+ 23. Kf1 f5 24. Rd1 Qc3 25. Qxc3 Bxc3 26. Rxd8+ Kxd8 27. Bd1 Rxh3 28. Rxh3 Nxh3 29. gxf5 gxf5 30. Kg2 Nf4+ 31. Kg3 g5 32. Bc2 Kc7 33. f3 e3 0-1

[Event "Santa Fe Litoral op 2nd"]
[Site "Santa Fe"]
[Date "2022.11.10"]
[Round "1"]
[White "Bonjorn, Pablo"]
[Black "Gimenez, Jose"]
[Result "1-0"]
[WhiteElo "1853"]
[BlackElo "1109"]
[PlyCount "57"]
[EventDate "2022.11.10"]
[EventType "swiss"]
[EventRounds "7"]
[EventCountry "ARG"]
[SourceTitle "CBM 211 Extra"]
[Source "ChessBase"]
[SourceDate "2023.01.31"]
[SourceVersion "1"]
[SourceVersionDate "2023.01.31"]
[SourceQuality "1"]

1. c4 c5 2. Nf3 b6 3. d4 d6 4. Nc3 Nd7 5. e4 e6 6. Be2 h6 7. Be3 Bb7 8. 0-0 Ngf6 9. Qc2 Be7 10. h3 a6 11. e5 dxe5 12. dxe5 Nh7 13. Nd2 Nxe5 14. f4 Ng6 15. Bd3 f5 16. g4 Nh4 17. gxf5 Ng2 18. Rae1 Nxe1 19. Rxe1 0-0 20. fxe6 Nf6 21. Bg6 Qc7 22. Bf7+ Kh8 23. Qg6 Rad8 24. f5 Bd6 25. Bxh6 Bh2+ 26. Kf1 Rxf7 27. exf7 Bg2+ 28. Kxg2 Nh5 29. Re8+ 1-0